[Event "Lozovatsky Memorial-A 2019"]
[Site "Chelyabinsk"]
[Date "2019.01.12"]
[Round "1.1"]
[White "Korneev, Oleg"]
[Black "Gutenev, Alexander"]
[Result "1/2-1/2"]
[WhiteElo "2545"]
[BlackElo "2456"]
[Annotator "TA"]
[PlyCount "67"]
[EventDate "2019.01.12"]
[EventType "tourn"]
[EventCountry "RUS"]
[SourceTitle "playchess.com"]
[Source "ChessBase"]
[SourceQuality "1"]

{[%evp 23,67,14,11,11,20,18,15,16,14,12,22,0,6,0,0,0,0,0,0,0,14,0,0,0,0,0,31,0,0,0,5,0,0,0,0,0,0,0,0,0,0,0,0,0,0,0]} 1. e4 c5 2. Nf3 Nc6 3. Bb5 g6 4. Bxc6 bxc6 5. O-O Bg7 6. Re1 Nh6 7. c3 O-O 8. d4 cxd4 9. cxd4 d5 10. e5 {B31: Sicilian: 2...Nc6 3 Bb5 g6} f6 11. exf6 (11. Qc2 Bg4 12. Nbd2 Qb6 13. h3 fxe5 14. hxg4 Nxg4 15. Nc4 dxc4 16. Qxc4+ Kh8 17. Qe6 Rf5 {½-½ (64) Vidit,S (2707)-Gelfand,B (2695) Poikovsky 2018}) 11... exf6 12. Nbd2 Re8 {LiveBook: 6 Games} 13. Nb3 Nf7 14. h3 Bf5 15. Rxe8+ Qxe8 16. Bf4 Bf8 17. Qd2 $146 ({Predecessor:} 17. Nc5 g5 18. Bh2 Nd6 19. Qa4 a5 20. Re1 Qc8 {½-½ (20) Ruch,E (2473)-Zidu,J (2602) ICCF email 2014}) 17... Nd6 18. Bxd6 Bxd6 19. Nc5 Qf7 20. b4 Re8 21. a4 Be4 22. Qc3 Bxf3 23. Qxf3 Qe7 {[#] ( -> ...Qe1+!)} 24. g3 (24. Qc3 {is more complex.} Bxc5 25. bxc5 Qb7 26. g3 Kg7 27. Qd2) 24... Kg7 25. Kg2 Bxc5 {The position is equal.} 26. dxc5 $11 {[%mdl 4096] Endgame KQR-KQR} a6 27. b5 axb5 28. axb5 {[#] Strongly threatening b6.} cxb5 29. Qxd5 Qe4+ 30. Qxe4 Rxe4 31. Rc1 b4 32. Kf3 Re8 33. Rb1 Rc8 34. Rxb4 {Accuracy: White = 60%, Black = 78%.} 1/2-1/2

[Event "Lozovatsky Memorial-A 2019"]
[Site "Chelyabinsk"]
[Date "2019.01.12"]
[Round "1.2"]
[White "Simantsev, Mikhail"]
[Black "Bezgodov, Alexei"]
[Result "1/2-1/2"]
[WhiteElo "2401"]
[BlackElo "2441"]
[Annotator "TA"]
[PlyCount "27"]
[EventDate "2019.01.12"]
[EventType "tourn"]
[EventCountry "RUS"]
[SourceTitle "playchess.com"]
[Source "ChessBase"]
[SourceQuality "1"]

{[%evp 26,27,9,0]} 1. e4 e5 2. Nf3 Nc6 3. Bb5 {[%cal Bf1b5,Bb5a4,Ba4b3][%mdl 32]} a6 4. Ba4 Nf6 5. O-O Be7 6. Re1 b5 7. Bb3 d6 8. c3 O-O 9. h3 Bb7 10. d4 Re8 11. Ng5 $146 ({Predecessor:} 11. Nbd2 Bf8 12. a3 Nb8 13. Ng5 Re7 14. Ndf3 Nbd7 15. Nxf7 Rxf7 16. Ng5 d5 17. Nxf7 Kxf7 18. f4 exd4 19. e5 dxc3 20. bxc3 Kg8 21. exf6 Nxf6 {1-0 (39) Topalov,V (2740)-Karpov,A (2623) Salamanca 2018}) 11... Rf8 12. Nf3 Re8 13. Ng5 Rf8 14. Nf3 {LiveBook: 6675 Games} 1/2-1/2

[Event "Lozovatsky Memorial-A 2019"]
[Site "Chelyabinsk"]
[Date "2019.01.12"]
[Round "1.3"]
[White "Khanin, Semen"]
[Black "Sivuk, Vitaly"]
[Result "1-0"]
[WhiteElo "2514"]
[BlackElo "2552"]
[Annotator "TA"]
[PlyCount "69"]
[EventDate "2019.01.12"]
[EventType "tourn"]
[EventCountry "RUS"]
[SourceTitle "playchess.com"]
[Source "ChessBase"]
[SourceQuality "1"]

{[%evp 9,69,22,54,35,57,47,56,51,66,48,47,57,81,39,116,122,113,108,110,97,100,99,95,85,84,89,166,118,153,153,146,144,147,160,211,211,213,204,206,199,213,208,198,198,190,198,240,238,228,238,310,302,439,454,530,537,587,587,582,582,614,601]} 1. e4 Nc6 2. d4 e5 3. dxe5 Nxe5 4. Nf3 Nxf3+ 5. Qxf3 Bb4+ (5... d6 6. Nc3 Be7 7. Bf4 Nf6 8. h3 O-O 9. O-O-O Nd7 10. Nd5 Nb6 11. Bd3 Bg5 12. Kb1 Bxf4 13. Qxf4 {½-½ (48) Asis Gargatagli,H (2487)-Anton Guijarro,D (2635) Linares 2015}) 6. Nc3 {B00: Queen's Fianchetto Defence, Nimzowitsch Defence} Qf6 7. Bd2 Qxf3 8. gxf3 {White is slightly better.} Ne7 9. O-O-O a6 10. Rg1 O-O 11. f4 $146 ({Predecessor:} 11. Bh6 Bxc3 12. bxc3 {1-0 (22) Ansell,S (2377)-Bigg,A (2137) London 2000}) 11... f5 (11... Bc5 $14) 12. Bc4+ $16 {[%cal Bf1c4,Bc4b3,Bb3d5][%mdl 32]} Kh8 13. e5 $36 {[%mdl 2048] Black is under strong pressure.} b5 14. Bb3 Bb7 15. Nd5 Bxd2+ 16. Rxd2 Bxd5 17. Bxd5 Rad8 (17... Nxd5 $16 18. Rxd5 d6) 18. Rgd1 Ng6 19. Bb3 c5 {[#] And now ...c4 would win.} 20. Be6 $1 ({Inferior is} 20. Rxd7 Rxd7 21. Rxd7 c4 $17) 20... Nxf4 21. Bxd7 Ng6 (21... g5 $16 22. e6 Ng6) 22. Rd5 $18 c4 23. R1d4 f4 24. a4 bxa4 25. Bxa4 Rxd5 26. Rxd5 {[%mdl 4096] Endgame KRB-KRN} h6 27. e6 Rf6 28. Rd8+ Kh7 29. Bd7 f3 30. Kd2 Ne7 (30... Rf5 {was called for.} 31. Bc8 Ra5) 31. Re8 {White is clearly winning.} Nd5 32. Bc6 Rf5 {[#]} 33. Rd8 $1 {[%cal Rd8d5]} Nf6 34. e7 Rc5 35. Rd6 {Accuracy: White = 84%, Black = 51%.} 1-0

[Event "Lozovatsky Memorial-A 2019"]
[Site "Chelyabinsk"]
[Date "2019.01.12"]
[Round "1.4"]
[White "Drygalov, Andrey"]
[Black "Slizhevsky, Alexander"]
[Result "1/2-1/2"]
[WhiteElo "2485"]
[BlackElo "2428"]
[Annotator "TA"]
[PlyCount "73"]
[EventDate "2019.01.12"]
[EventType "tourn"]
[EventCountry "RUS"]
[SourceTitle "playchess.com"]
[Source "ChessBase"]
[SourceQuality "1"]

{[%evp 18,73,47,29,42,45,39,38,65,55,59,55,139,141,156,139,226,154,173,156,142,153,153,108,120,120,116,120,119,102,103,65,76,66,45,52,60,77,111,108,99,102,83,9,11,0,0,0,0,0,0,0,0,0,0,0,0,0]} 1. e4 c5 2. Nf3 d6 3. d4 cxd4 4. Nxd4 Nf6 5. Nc3 a6 6. Be2 e5 7. Nf3 {[%cal Bd4f3,Bf3d2,Bd2c4,Bc4e3,Be3d5][%mdl 32]} h6 8. Nd2 {B92: Sicilian Najdorf: 6 Be2} Be6 9. Nc4 b5 (9... Nc6 10. Ne3 Ne7 11. O-O Rc8 12. Bf3 g6 13. Qd3 Bg7 14. Rd1 Rc6 15. b3 Qc8 {1-0 (48) Vachier Lagrave,M (2789)-Korobov,A (2652) Riadh 2017}) 10. Ne3 {LiveBook: 4 Games. White is slightly better.} Be7 11. a4 b4 12. Ncd5 Nbd7 $146 ({Predecessor:} 12... Nc6 13. Bc4 O-O 14. Qd3 a5 15. O-O Nd7 16. Nxe7+ Qxe7 {1-0 (36) Jurcik,M (2479)-Molenda,M (2397) Vysna Boca 2017}) 13. Nxb4 Nxe4 14. Ned5 Bg5 (14... Bxd5 $1 $14 15. Nxd5 Nef6) 15. O-O $16 Bxc1 16. Rxc1 ({Don't play} 16. Qxc1 $6 Bxd5 17. Nxd5 O-O $11) 16... Ndf6 (16... Ndc5 $16 {was called for.}) 17. Nxf6+ Nxf6 18. Bxa6 O-O {With the idea ...Qa5.} 19. Bb5 d5 20. c4 dxc4 21. Nc6 ({Worse is} 21. Bxc4 Qxd1 22. Rfxd1 Rxa4 $15) 21... Qc7 22. Qe2 e4 23. Nd4 Bd5 24. Bxc4 Qe5 25. Bxd5 Nxd5 {[%cal Bf6d5,Bd5f4,Bf4d3,Bd3b2][%mdl 32]} 26. Nc6 Nf4 $1 27. Qe3 (27. Nxe5 $2 {perishes.} Nxe2+ 28. Kh1 Nxc1 $19) 27... Qg5 {[%csl Gf4][%cal Rg5g2] [#]} 28. g3 Nd3 {White must now prevent ...Qxe3.} 29. Qxg5 hxg5 30. Rc4 ({White should try} 30. a5 $16) 30... Nxb2 $11 {The position is equal.} 31. Rb4 Nxa4 32. Rc1 {[#] Rcc4 is the strong threat.} Rfe8 33. Rcc4 Re6 34. Rxa4 Rxa4 35. Rxa4 {Threatens to win with Nd4.} Rxc6 36. Rxe4 Kh7 37. Kg2 {Accuracy: White = 85%, Black = 61%.} 1/2-1/2

[Event "Lozovatsky Memorial-A 2019"]
[Site "Chelyabinsk"]
[Date "2019.01.12"]
[Round "1.5"]
[White "Drygalov, Sergey"]
[Black "Tosic, Miroslav"]
[Result "1-0"]
[WhiteElo "2442"]
[BlackElo "2360"]
[Annotator "TA"]
[PlyCount "59"]
[EventDate "2019.01.12"]
[EventType "tourn"]
[EventCountry "RUS"]
[SourceTitle "playchess.com"]
[Source "ChessBase"]
[SourceQuality "1"]

{[%evp 16,59,30,14,63,61,68,54,88,85,96,75,74,83,68,79,84,100,91,107,104,70,350,269,316,181,163,145,139,143,137,137,145,115,112,108,100,115,315,171,346,328,29995,131,29996,29997]} 1. d4 Nf6 2. c4 e6 3. Nf3 d5 4. Nc3 Nbd7 5. Bf4 dxc4 6. e3 Nd5 7. Bxc4 Nxf4 8. exf4 Nb6 {D37: Queen's Gambit Declined: 5 Bf4} 9. Bd3 {LiveBook: 6 Games} c5 $146 ({Predecessor:} 9... Bd6 10. g3 Bd7 11. Qe2 Bc6 12. O-O-O Qe7 13. Be4 Nd5 14. Bxd5 Bxd5 {½-½ (42) Mamedyarov,S (2791)-Khismatullin,D (2628) Sochi 2017}) 10. dxc5 Bxc5 {White is slightly better.} 11. O-O Be7 12. Ne5 {Strongly threatening Qh5.} O-O 13. Qc2 (13. Qf3 {keeps more tension.} Nd5 14. Rac1 Nf6 15. Rfd1 Qb6 16. Nc4) 13... g6 14. Rfd1 $36 {[%cal Rd3g6][%mdl 2048] Black must now prevent Bxg6. White is on the roll.} Qc7 15. Rac1 f6 16. Bxg6 fxe5 17. Bxh7+ Kh8 18. Qe2 $1 Bh4 $2 {[%mdl 8192]} ({Don't go for} 18... Kxh7 $2 19. Nb5 $16) (18... Rxf4 $2 19. Ne4 $18) (18... Bd8 $14) 19. Bb1 Qf7 20. Qg4 (20. Qxe5+ Bf6 $11) (20. Rd3 $142 {Rh3 is the strong threat.} e4 21. Rh3 (21. Qxe4 Qxf4 22. Rd8 Qxe4 $17) 21... Qxf4 22. Re1) 20... Bxf2+ $18 21. Kxf2 Qxf4+ 22. Qxf4 Rxf4+ 23. Kg1 Bd7 24. Re1 Rc8 25. Rxe5 Na4 26. g3 Rb4 $2 (26... Rf7 $16 {was called for.}) 27. Rf1 (27. Rh5+ $142 Kg8 28. Rg5+ Kh8 29. Rf1 Rxb2 30. Rf4 Rxb1+ 31. Nxb1 Rc1+ 32. Kf2 Rc2+ 33. Kf1 Rxh2 34. Kg1) 27... Nxc3 $2 (27... Rc5 {is a better defense.} 28. Re4 Rxe4 29. Nxe4 Rd5) 28. Rh5+ ({Weaker is} 28. bxc3 Rb5 $16) 28... Kg8 $2 {[#]} (28... Kg7 $18) 29. Rg5+ $1 Kh8 {[#]} 30. Rf6 $1 {Precision: White = 76%, Black = 41%.} 1-0

[Event "Lozovatsky Memorial-A 2019"]
[Site "Chelyabinsk"]
[Date "2019.01.13"]
[Round "2.1"]
[White "Gutenev, Alexander"]
[Black "Tosic, Miroslav"]
[Result "1/2-1/2"]
[WhiteElo "2456"]
[BlackElo "2360"]
[Annotator "TA"]
[PlyCount "43"]
[EventDate "2019.01.12"]
[EventType "tourn"]
[EventCountry "RUS"]
[SourceTitle "playchess.com"]
[Source "ChessBase"]
[SourceQuality "1"]

{[%evp 36,43,0,-23,-30,-33,-44,-35,-44,-57]} 1. e4 e5 2. Nf3 Nc6 3. Bb5 {[%cal Bf1b5,Bb5a4,Ba4b3][%mdl 32]} a6 4. Ba4 Nf6 5. O-O Be7 6. Re1 b5 7. Bb3 d6 8. c3 O-O 9. h3 Na5 10. Bc2 c5 11. d4 Qc7 12. Nbd2 cxd4 13. cxd4 Nc6 14. d5 Nb4 15. Bb1 a5 16. a3 Na6 17. b4 {C99: Closed Ruy Lopez: Chigorin Defence: 11 d4 Qc7 12 Nbd2 cxd4} Bd7 18. Qb3 Rfc8 (18... axb4 19. axb4 Qb7 20. Bd3 Rfc8 21. Nf1 Bd8 22. Ng3 Bb6 23. Bg5 Ne8 24. Ne2 Nac7 {½-½ (58) Svidler,P (2727)-Akopian,V (2679) Dresden 2008}) 19. Bb2 {LiveBook: 3 Games} Nh5 20. Rc1 Qa7 $146 ({Predecessor:} 20... Qd8 21. Bd3 a4 22. Qd1 Nf4 23. Qf1 Qb6 24. Rxc8+ Rxc8 {0-1 (33) Jaramillo Ochoa,M (2073)-Saladen Dulce,R (2212) Bogota 2012}) 21. Bd3 Bd8 22. Qd1 $1 1/2-1/2

[Event "Lozovatsky Memorial-A 2019"]
[Site "Chelyabinsk"]
[Date "2019.01.13"]
[Round "2.2"]
[White "Slizhevsky, Alexander"]
[Black "Drygalov, Sergey"]
[Result "1/2-1/2"]
[WhiteElo "2428"]
[BlackElo "2442"]
[Annotator "TA"]
[PlyCount "85"]
[EventDate "2019.01.12"]
[EventType "tourn"]
[EventCountry "RUS"]
[SourceTitle "playchess.com"]
[Source "ChessBase"]
[SourceQuality "1"]

{[%evp 25,85,29,42,35,102,83,118,113,107,104,118,114,103,111,123,118,126,84,84,73,88,84,82,83,89,89,117,126,87,45,49,44,27,0,63,58,41,61,45,0,0,0,0,0,0,0,0,0,0,0,0,0,236,0,0,0,0,0,0,0,0,0]} 1. e4 c5 2. Nf3 d6 3. d4 cxd4 4. Nxd4 Nf6 5. Nc3 a6 6. Be2 e6 7. O-O Qc7 8. f4 Be7 9. a4 O-O 10. Kh1 Nc6 11. Be3 Bd7 12. Nb3 Nb4 13. a5 {B85: Sicilian Scheveningen: 6 Be2 a6, lines with early Be3} Bc6 {[#] LiveBook: 13 Games} 14. Qd2 $146 ({Predecessor:} 14. Bb6 Qc8 15. Qd2 d5 16. e5 Nd7 17. Be3 Qc7 18. Nd4 Nc5 19. f5 Qxe5 20. f6 Bxf6 21. Nxc6 Nxc6 22. Bxc5 {1-0 (34) Perunovic,M (2612)-Soltanici,R (2392) Baile Govora 2017}) 14... d5 (14... Rac8 $14) 15. e5 $1 $16 {aiming for Bb6.White is better.} Ne4 16. Nxe4 dxe4 17. Bc5 $1 Nd5 {[#]} 18. Bd6 $1 {[%cal Rd6c7]} Bxd6 19. exd6 Qd8 20. c4 Nf6 21. Qd4 Nd7 22. Nc5 Qf6 23. Qxf6 Nxf6 24. Rfd1 h6 25. Rd4 g5 26. fxg5 hxg5 27. Ra3 Kg7 28. Rg3 Kh6 29. Rb3 Rab8 (29... Rfd8 $11) 30. Rb6 $14 Rfd8 31. b4 Kg6 32. d7 (32. h3 {is interesting.} Nd7 33. Nxd7 Rxd7 34. b5 axb5 35. cxb5 Bd5 36. Bc4) 32... Nxd7 {[#]} 33. Rxc6 $1 {[%mdl 512] Hoping for Rcd6.} Nxc5 (33... bxc6 34. Nxd7) 34. Rxd8 Rxd8 35. Rxc5 $11 {[%mdl 4096] Endgame And now Kg1 would win. KRB-KR} Rd2 36. Bf1 f5 $1 37. g3 Kf6 38. h4 g4 $2 {[#]} (38... gxh4 $11 39. gxh4 e3) 39. b5 $2 (39. h5 $1 $18) 39... e3 {The position is equal.} 40. Rc7 Rd1 41. Kg2 Rd2+ 42. Kg1 Rd1 {( -> ...e2)} 43. Kg2 {Accuracy: White = 71%, Black = 55%.} 1/2-1/2

[Event "Lozovatsky Memorial-A 2019"]
[Site "Chelyabinsk"]
[Date "2019.01.13"]
[Round "2.3"]
[White "Sivuk, Vitaly"]
[Black "Drygalov, Andrey"]
[Result "1-0"]
[WhiteElo "2552"]
[BlackElo "2485"]
[Annotator "TA"]
[PlyCount "133"]
[EventDate "2019.01.12"]
[EventType "tourn"]
[EventCountry "RUS"]
[SourceTitle "playchess.com"]
[Source "ChessBase"]
[SourceQuality "1"]

{[%evp 20,133,16,17,64,55,52,74,92,93,100,94,100,35,32,23,27,33,86,37,34,33,33,33,34,36,35,14,18,8,32,43,108,137,145,108,145,135,152,144,112,154,144,139,150,144,141,125,127,133,127,112,112,112,136,112,112,98,112,96,97,96,97,66,83,29,66,9,129,132,156,156,133,98,167,167,341,341,334,318,341,218,210,0,105,0,0,0,0,0,0,0,0,0,0,0,0,0,2945,3195,2839,2361,12808,4594,9922,5665,12816,12800,29982,29983,29988,29989,29989,29990,29992,29993]} 1. Nf3 d5 2. c4 e6 3. g3 Nf6 4. Bg2 Be7 5. d4 O-O 6. Nc3 c6 7. Qd3 b6 8. O-O Ba6 9. b3 Nbd7 10. e4 Rc8 11. Rd1 {LiveBook: 57 Games} Bb7 $146 {E07: Closed Catalan: Main Line (5 Nf3 0-0 6 0-0 Nbd7)} ({Predecessor:} 11... dxe4 12. Nxe4 b5 13. Ned2 bxc4 14. Nxc4 c5 15. Bb2 cxd4 16. Nxd4 Ne5 17. Qe3 Nxc4 18. bxc4 Qb6 19. Rab1 Rxc4 20. Ba3 {½-½ (20) Vitiugov,N (2724)-Fedoseev,V (2658) Moscow 2017}) 12. e5 Ne8 $1 13. h4 Nc7 {White is better.} 14. Ng5 {[%csl Gg5][%cal Rd3h7,Bf3g5,Bg5h3,Bh3f4][%mdl 32]} g6 15. Nh3 c5 16. cxd5 ({White should play} 16. dxc5 $16 Nxe5 17. Qe2) 16... exd5 $14 17. Nf4 {[%cal Rc3d5]} cxd4 18. Ncxd5 Nxd5 (18... Nxe5 $14 19. Qxd4 Bf6 20. Nxf6+ Qxf6) 19. Nxd5 Bxd5 20. Bxd5 Nxe5 21. Qxd4 Bf6 22. Qe4 Qe7 23. Bf4 Rfe8 24. Rac1 Kg7 25. h5 g5 (25... h6 $14) 26. Qf5 $1 $36 {[%mdl 2048] Black is under strong pressure.} Rxc1 27. Bxc1 h6 28. Be4 $1 Ng6 {[#]} 29. Bc6 $1 {[%cal Rc6e8]} Qe2 30. Rd6 {[%cal Bd1d6,Bd6f6,Bf6f5][%mdl 32]} Qe5 31. Rxf6 $1 Qxf5 32. Rxf5 Re1+ 33. Kg2 Rxc1 {[%mdl 4096] Endgame KRB-KRN} 34. Bd5 ({Don't play} 34. hxg6 $6 fxg6 35. Rd5 Rxc6 $11) 34... Nh8 35. Bc4 Rd1 36. Re5 Rd7 37. Re8 f6 38. Rg8+ Kh7 39. Kf3 Nf7 40. Bxf7 Rxf7 {KR-KR} 41. Rd8 f5 42. Ke3 ({White should try} 42. b4 $16) 42... Kg7 $1 $11 43. Kd3 (43. Kd4 $14) 43... f4 (43... g4 $1 $11) 44. g4 $16 Re7 45. a4 f3 46. Ra8 a5 (46... Kf7 $16) 47. Rb8 $18 Re2 $2 (47... Re6 48. Kd4 Rf6) 48. Rxb6 Rxf2 49. Ke3 Rf1 50. Rb7+ Kf6 51. Rh7 $2 (51. Rb5 $18) 51... Ke5 (51... Rc1 $1 $11 {keeps the balance.}) 52. Rxh6 (52. Ra7 $16 Re1+ 53. Kxf3) 52... Rc1 $1 $11 {[%cal Rc1c3]} 53. Kxf3 Rc3+ 54. Ke2 {aiming for Rb6.} Rxb3 55. Ra6 Kf4 56. Rxa5 {Rb5 is the strong threat.} Kxg4 57. h6 {[%cal Bh5h6,Bh6h7][%mdl 32] Strongly threatening h7.} Rb7 58. Ra6 {Threatens to win with a5.} Kg3 $2 {[%mdl 8192] [#]} (58... Kh5 $11) 59. Rg6 $1 $18 {[%cal Rg6g7]} Re7+ 60. Kd3 g4 61. Rg7 Re8 62. h7 {Rg8 would kill now.} Rh8 63. a5 {[%cal Ba4a5,Ba5a6,Ba6a7][%mdl 32]} Kh3 64. a6 {White mates.} g3 65. a7 Rd8+ 66. Kc4 g2 67. Rg8 {Accuracy: White = 75%, Black = 52%.} 1-0

[Event "Lozovatsky Memorial-A 2019"]
[Site "Chelyabinsk"]
[Date "2019.01.13"]
[Round "2.4"]
[White "Bezgodov, Alexei"]
[Black "Khanin, Semen"]
[Result "1-0"]
[WhiteElo "2441"]
[BlackElo "2514"]
[Annotator "TA"]
[PlyCount "63"]
[EventDate "2019.01.12"]
[EventType "tourn"]
[EventCountry "RUS"]
[SourceTitle "playchess.com"]
[Source "ChessBase"]
[SourceQuality "1"]

{[%evp 15,63,20,42,0,66,66,90,97,83,71,113,112,146,70,50,56,61,46,64,53,77,70,83,77,90,69,71,0,0,0,0,0,0,0,0,0,22,37,974,970,1602,1642,1481,1460,1284,1103,1086,1081,29971,29971]} 1. e4 c5 2. Nf3 e6 3. d4 cxd4 4. Nxd4 Nc6 5. Nc3 Qc7 6. Be3 a6 7. Qf3 {B48: Sicilian: Taimanov: 5 Nc3 Qc7 6 Be3 a6 without Be2} Nf6 8. O-O-O h5 {LiveBook: 22 Games} 9. Be2 $146 {White is slightly better.} ({Predecessor:} 9. Nxc6 dxc6 10. h3 b5 11. e5 Nd5 12. Nxd5 exd5 13. Bd3 Be6 14. Rhe1 Qxe5 {½-½ (70) Zherebukh,Y (2633)-Ganguly,S (2657) Saint Louis 2018}) 9... Ng4 (9... Ne5 $11 10. Qg3 h4) 10. Bf4 $14 Nce5 {[#]} 11. Qg3 $1 {Bxg4 is the strong threat.} d6 {And now ...h4 would win.} 12. f3 Nf6 13. Bg5 Nh7 {[#]} 14. h4 ({White should try} 14. f4 $1 $16 {[%cal Rf4e5]} Nxg5 15. fxe5 (15. Qxg5 Nc6 $14)) 14... Nxg5 15. hxg5 g6 16. f4 Nc6 17. f5 Nxd4 18. Rxd4 Qc5 19. Rhd1 h4 20. Qd3 Bd7 21. fxe6 (21. Bg4 $16) 21... Qxg5+ $11 {[%mdl 64] Double Attack} 22. Kb1 fxe6 {[#]} 23. e5 $1 {[%mdl 512]} d5 {[#]} (23... Qxg2 $2 24. Rg4 $18) (23... dxe5 24. Rxd7) 24. Rxd5 $1 $40 {[%mdl 640] Black needs to defend precisely.} exd5 25. Nxd5 {[%cal Bc3d5,Bd5c7,Bc7e6][%mdl 32]} Kf7 26. Nc7 Rd8 $2 {[%mdl 8192]} (26... Bf5 $14 27. Qd5+ {[%mdl 64] Double Attack} Kg7 28. Nxa8 Kh7) 27. Qc4+ $18 (27. e6+ Bxe6 28. Nxe6 (28. Qxd8 Qxd8 29. Rxd8 h3 $11) 28... Kxe6 $14) 27... Kg7 {[#]} 28. Rxd7+ $1 {[%mdl 512]} Kh6 (28... Rxd7 29. Ne6+) 29. Ne6 $1 {[%csl LRb7,LRd8,LRg5][%mdl 64] Double Attack} b5 30. Nxg5 {[%cal Rc4h4]} bxc4 31. Nf7+ {[%mdl 64] Double Attack} ({Not} 31. Rxd8 Kxg5 32. e6 (32. Bxc4 Bg7 $16) 32... Kf6 $18) 31... Kg7 32. Nxd8+ {[%mdl 64] Discovered Attack (Double check). Accuracy: White = 65%, Black = 51%.} 1-0

[Event "Lozovatsky Memorial-A 2019"]
[Site "Chelyabinsk"]
[Date "2019.01.13"]
[Round "2.5"]
[White "Korneev, Oleg"]
[Black "Simantsev, Mikhail"]
[Result "1-0"]
[WhiteElo "2545"]
[BlackElo "2401"]
[Annotator "TA"]
[PlyCount "71"]
[EventDate "2019.01.12"]
[EventType "tourn"]
[EventCountry "RUS"]
[SourceTitle "playchess.com"]
[Source "ChessBase"]
[SourceQuality "1"]

{[%evp 28,71,0,0,10,10,6,12,22,22,20,29,14,9,110,105,122,133,154,105,272,268,274,206,285,277,708,710,704,693,1191,1141,1033,902,889,877,816,609,593,573,570,567,547,549,1795,1785]} 1. e4 e5 2. Nf3 Nc6 3. Bb5 {[%cal Bf1b5,Bb5a4,Ba4b3][%mdl 32]} a6 4. Ba4 Nf6 5. O-O Be7 6. d3 b5 7. Bb3 d6 8. a3 O-O 9. Nc3 Bg4 10. Be3 Nd4 {C84: Closed Ruy Lopez: Unusual White 6th moves} 11. Bxd4 exd4 12. Nd5 Nd7 (12... Nxd5 13. Bxd5 Rc8 14. a4 c6 15. Bb3 d5 16. h3 Bh5 17. axb5 axb5 18. exd5 {1-0 (47) Karjakin,S (2782)-Aronian,L (2764) Paris 2018}) 13. h3 Bxf3 14. Qxf3 c6 15. Nf4 {LiveBook: 26 Games} Bg5 16. Ne2 Bf6 17. Qg3 $146 ({Predecessor:} 17. Qg4 Nc5 18. Ba2 {1-0 (56) Jedinger,A (2222)-Salonen,J (2138) ICCF email 2014}) 17... Nc5 18. Ba2 a5 19. f4 Nd7 20. Qf2 Qb6 (20... c5 $1 $11 {keeps the balance.}) 21. g4 $16 {[%cal Bg2g4,Bg4g5][%mdl 32]} g6 22. g5 Bg7 23. h4 Kh8 $2 {[#]} (23... Qc5 $16 {was called for.}) 24. h5 $1 $18 {[%mdl 512]} gxh5 25. Qh4 f6 26. g6 ({Much less strong is} 26. Qxh5 $6 fxg5 27. fxg5 (27. Qxg5 Rf6 $14) 27... Ne5 $18) 26... hxg6 $2 (26... f5 27. Qxh5 h6) 27. f5 {[%cal Bf4f5,Bf5g6][%mdl 32] White is clearly winning.} Bh6 28. fxg6 Rae8 29. Ng3 Re5 30. Nf5 Rxf5 31. Rxf5 Kg7 32. Rxh5 Rh8 33. Rf1 Qd8 34. Kg2 Ne5 35. Bf7 Qe7 36. Rh1 {Accuracy: White = 82%, Black = 34%.} 1-0

[Event "Lozovatsky Memorial-A 2019"]
[Site "Chelyabinsk"]
[Date "2019.01.14"]
[Round "3.1"]
[White "Simantsev, Mikhail"]
[Black "Gutenev, Alexander"]
[Result "0-1"]
[WhiteElo "2401"]
[BlackElo "2456"]
[Annotator "TA"]
[PlyCount "58"]
[EventDate "2019.01.12"]
[EventType "tourn"]
[EventCountry "RUS"]
[SourceTitle "playchess.com"]
[Source "ChessBase"]
[SourceQuality "1"]

{[%evp 21,58,17,44,30,43,0,0,-11,0,0,0,0,0,-93,-96,-94,-91,-91,-102,-101,-100,-218,-158,-410,-350,-354,-337,-326,-328,-312,-312,-316,-311,-304,-235,-303,-295,-718,-547]} 1. d4 Nf6 2. c4 g6 3. f3 d5 4. cxd5 Nxd5 5. e4 Nb6 6. Nc3 Bg7 7. Be3 O-O 8. Qd2 e5 9. d5 c6 {D70: Grünfeld: Unusual White 3rd moves (met by ...d5)} 10. h4 {[%cal Bh2h4,Bh4h5][%mdl 32]} cxd5 11. exd5 Na6 {LiveBook: 3 Games. The position is equal.} 12. h5 Nb4 {[%cal Rb4d5]} 13. Bc5 $146 (13. hxg6 {seems wilder.} Bf5 14. gxh7+ Kh8 15. Rd1 Rc8 16. Bh6) ({Predecessor:} 13. hxg6 Bf5 14. gxh7+ Kh8 15. Rd1 Nc2+ 16. Kf2 Nxe3 17. Qxe3 {½-½ (96) Giri,A (2793)-Caruana,F (2794) Moscow 2016}) 13... N4xd5 14. Nxd5 Nxd5 15. hxg6 hxg6 16. Bxf8 Bxf8 17. Ne2 {[#]} (17. a3 $1 $11 {keeps the balance.}) 17... Be6 $1 $17 18. Nc3 {[#]} Qb6 $1 19. Nxd5 Bxd5 20. a3 ({But not} 20. Qxd5 $2 Rd8 $19) 20... Rd8 {[%mdl 1024] Black has strong compensation.} 21. Qc3 (21. Qf2 $17) 21... Bc5 {( -> ...Bf2+)} 22. Bd3 $2 (22. O-O-O $17 Bd4 23. Qb4 Be3+ 24. Kc2 Qxb4 25. axb4 Bb3+ {[%mdl 64] Discovered Attack, Deflection} 26. Kxb3 Rxd1 27. Kc4) 22... Bf2+ $19 23. Kd2 Qe3+ 24. Kc2 Be6 25. Rae1 Bxe1 26. Rxe1 Qf2+ 27. Re2 Qb6 {Strongly threatening ...Rc8.} 28. Qb4 {With the idea Qxb6.} Qg1 29. b3 $2 (29. Qe1 Qb6 30. Qb4 Qc6+ 31. Qc3) 29... Qa1 {Accuracy: White = 31%, Black = 81%.} 0-1